Wére all in this together : (Registro nro. 9418)

Detalles MARC
000 -LIDER
fixed length control field 00564nam a22002057a 4500
001 - NÚMERO DE CONTROL
Identificador de número de control 00125
003 - IDENTIFICACDOR DE NÚMERO DE CONTROL
control field DO-SdBNP
005 - DATE AND TIME OF LATEST TRANSACTION
control field 20171129145312.0
007 - CAMPOS FIJOS DE DESCRIPCIÓN FÍSICA
fixed length control field 00125
008 - ELEMENTOS DE LONGITUD FIJA
fixed length control field 160329b xxu 200-? ||||| |||| 00| 0 spa d
020 ## - ISBN
International Standard Book Number 9780673811509
040 ## - FUENTE DE CATALOGACIÓN
Agencia que crea de manera original el registro BPMSU
Idioma de catalogación spa
Agencia que realiza la transcripción BPMSU
092 ## - LOCALLY ASSIGNED DEWEY DECIMAL CALL NUMBER
Número de clasificación xxxxxxxx
Número de ítem (Cutter) xxxxxxxx
245 ## - MENCIÓN DE TITULO
Título Wére all in this together :
Subtítulo how families nmatter
260 ## - PUBLICACIÓN, DISTRIBUCIÓN, ETC. (PIE DE IMPRENTA)
Lugar de publicación, distribución, etc Estados Unidos :
Nombre del editor, distribuidor, etc. ScottForesman,
Fecha de publicación, distribución, etc 20--?
300 ## - DESCRIPCIÓN FÍSICA
Extensión 136 p. :
Otros detalles físicos il.,
Dimensiones 26 cm.
942 ## - ADDED ENTRY ELEMENTS (KOHA)
Source of classification or shelving scheme Dewey Decimal Classification
Koha item type Libros
945 ## - INFORMACIÓN DE PROCESAMIENTO LOCAL
Información de procesamiento local Inventariado extranjero / 2017 BT
956 ## - LOCAL ELECTRONIC LOCATION AND ACCESS (OCLC)
Nombre de host Brenda Tavárez
Existencias
Withdrawn status Lost status Source of classification or shelving scheme Damaged status Not for loan Collection code Home library Current library Date acquired Source of acquisition Total Checkouts Barcode Date last seen Price effective from Koha item type
    Dewey Decimal Classification     Colección General Biblioteca Pública Metropolitana Salomé Ureña Biblioteca Pública Metropolitana Salomé Ureña 03/29/2016 FUNDI   BPMSU16030301 03/29/2016 03/29/2016 Libros